000 01246cam a22003977a 4500
001 6031
003 FISKH
005 20250812132141.0
008 120111s2011 nyua j 000 1 eng d
010 _a 2011276531
020 _a9781442421387 (pbk.)
020 _a144242138X (pbk.)
020 _a9781442430624 (hc.)
020 _a1442430621 (hc.)
040 _aBTCTA
_beng
_cBTCTA
_dB@L
_dVP@
_dNYP
_dOCLCQ
_dDLC
050 _aPZ7.P44818 O
082 _a458
100 0 _aPeyo.
245 1 0 _aOff to school! /
_cby Peyo.
260 _aNew York :
_bSimon Spotlight,
_c2011
300 _a28 unnumbered pages :
_bcolor illustrations ;
_c23 cm
490 0 _aReady-to-read
_vLevel two,
500 _aAt head of title: The Smurfs.
505 _aN
520 _aPapa Smurf sends the other Smurfs back to school to brush up on their spelling and math skills.
521 8 _a560
_bLexile
521 8 _aN
_bRaz-Plus
650 0 _aSmurfs (Fictitious characters)
_vJuvenile fiction.
650 0 _aSchools
_vJuvenile fiction.
650 1 _aSchools
_vFiction.
655 7 _aSchool stories.
_2sears
655 7 _aFantasy fiction.
_2sears
906 _a7
_bcbc
_ccopycat
_d2
_encip
_f20
_gy-gencatlg
942 _2ddc
_cBK
_n0
999 _c6031
_d6031